000 00317nam a22001457a 4500
008 210302b ||||| |||| 00| 0 eng d
020 _a0393951502
041 _aeng
080 _a82
082 _a82
100 _a21
101 _aGJL
245 _aWriting A College Handbook
_cHeffernan, J.A.W
942 _2udc
_cBK
999 _c55458
_d55458